[Event "DM Hurtigskak Kvinder 2012"]
[Site "Middelfart"]
[Date "2012.09.29"]
[Round "1"]
[White "Vangsgaard, Freja"]
[Black "Vovk, Oksana"]
[Result "0-1"]
[WhiteElo "1572"]
[BlackElo "2136"]
[PlyCount "42"]
[EventDate "2012.??.??"]

1. Nf3 Nf6 2. g3 d5 3. Bg2 Bg4 4. O-O Nbd7 5. d3 e5 6. c4 dxc4 7. dxc4 Bc5 8.
a3 a5 9. Nc3 c6 10. Bg5 Qc7 11. Qc2 O-O 12. Bxf6 Nxf6 13. Ne4 Be7 14. Rfe1 h6
15. Rad1 Rfd8 16. Qc3 Nxe4 17. Qxe5 Qxe5 18. Nxe5 Bf5 19. g4 Bh7 20. f4 Bc5+
21. Kf1 Nd2+ 0-1

[Event "DM Hurtigskak Kvinder 2012"]
[Site "Middelfart"]
[Date "2012.09.29"]
[Round "1"]
[White "Guindy, Esmat"]
[Black "Kuntz, Lene"]
[Result "1-0"]
[WhiteElo "2083"]
[BlackElo "1522"]
[PlyCount "57"]
[EventDate "2012.??.??"]

1. d4 d5 2. c4 c6 3. Nc3 Nf6 4. Bg5 e6 5. e3 Be7 6. cxd5 exd5 7. Qc2 Nbd7 8.
Bd3 h6 9. Bh4 O-O 10. Nge2 c5 11. dxc5 Nxc5 12. O-O Be6 13. Rfd1 Qc7 14. Bf5
Nce4 15. Bxe6 fxe6 16. Nf4 Qd6 17. Nxe4 Nxe4 18. Bxe7 Qxe7 19. Ng6 Qf6 20. Nxf8
Rxf8 21. f3 Nd6 22. e4 Nc4 23. Qc3 Qg5 24. Re1 Nd2 25. Kh1 Rf6 26. Qe3 Qxe3 27.
Rxe3 Nc4 28. Rc3 Nxb2 29. Rb1 1-0

[Event "DM Hurtigskak Kvinder 2012"]
[Site "Middelfart"]
[Date "2012.09.29"]
[Round "1"]
[White "Morling, Aase"]
[Black "Fredericia, Louise Winther"]
[Result "0-1"]
[WhiteElo "1305"]
[BlackElo "2075"]
[PlyCount "52"]
[EventDate "2012.??.??"]

1. e4 d6 2. d4 Nf6 3. Nc3 g6 4. Nf3 Bg7 5. Be2 O-O 6. O-O a6 7. a4 Nbd7 8. Be3
Ng4 9. Qd2 Nxe3 10. Qxe3 c5 11. d5 Rb8 12. Rab1 Qa5 13. Nd2 Qb4 14. Qd3 Ne5 15.
Qe3 Bd7 16. b3 b5 17. Na2 Qa5 18. Nc3 Nc4 19. Nxc4 bxc4 20. Nd1 cxb3 21. cxb3
Bd4 22. Qd3 f5 23. exf5 Bxf5 24. Qxa6 Qxa6 25. Bxa6 Bxb1 26. Re1 Bxf2+ 0-1

[Event "DM Hurtigskak Kvinder 2012"]
[Site "Middelfart"]
[Date "2012.09.29"]
[Round "1"]
[White "Dalsberg, Sandra de Blecourt"]
[Black "Nilssen, Ellen Fredericia"]
[Result "1-0"]
[WhiteElo "2039"]
[BlackElo "1196"]
[PlyCount "55"]
[EventDate "2012.??.??"]

1. d4 d5 2. c4 e6 3. Nc3 Nf6 4. cxd5 exd5 5. Bg5 Be7 6. Qc2 h6 7. Bh4 Be6 8. e3
Nbd7 9. Bd3 O-O 10. Nge2 c6 11. O-O Re8 12. Rae1 Qc7 13. f4 Nb6 14. f5 Bd7 15.
Nf4 Ng4 16. Bxe7 Rxe7 17. Nd1 Rd8 18. h3 Nf6 19. a4 Nc8 20. Nc3 Nd6 21. Ncxd5
Qb8 22. Nxe7+ Kf8 23. Neg6+ fxg6 24. Nxg6+ Kg8 25. e4 Nc8 26. Qc4+ Kh7 27. e5
Nd5 28. f6 1-0

[Event "DM Hurtigskak Kvinder 2012"]
[Site "Middelfart"]
[Date "2012.09.29"]
[Round "1"]
[White "Pedersen, Lene"]
[Black "Greeuw, Sietske"]
[Result "0-1"]
[WhiteElo "1100"]
[BlackElo "1940"]
[PlyCount "54"]
[EventDate "2012.??.??"]

1. e4 c5 2. Nf3 Nc6 3. Bd3 g6 4. O-O Bg7 5. c3 e6 6. Bb5 Nge7 7. Bxc6 Nxc6 8.
Na3 O-O 9. d4 cxd4 10. cxd4 d6 11. d5 exd5 12. exd5 Ne5 13. b4 Nxf3+ 14. gxf3
Bxa1 15. Nc2 Bg7 16. Re1 Bh3 17. f4 Qh4 18. Re3 Rae8 19. Rd3 Bf5 20. Rg3 Bxc2
21. Qxc2 Re1+ 22. Kg2 Qh5 23. f3 Qxd5 24. Bd2 Re2+ 25. Kf1 Rxd2 26. Qc1 Qd3+
27. Ke1 Qe2# 0-1

[Event "DM Hurtigskak Kvinder 2012"]
[Site "Middelfart"]
[Date "2012.09.29"]
[Round "1"]
[White "Nicolajsen, Thea"]
[Black "Lund, Kirsten"]
[Result "1-0"]
[WhiteElo "1718"]
[BlackElo "1043"]
[PlyCount "55"]
[EventDate "2012.??.??"]

1. d4 d5 2. c4 dxc4 3. e3 Nf6 4. Bxc4 e6 5. Nc3 Bb4 6. Bd2 Nc6 7. a3 Bxc3 8.
Bxc3 Bd7 9. Nf3 Ne4 10. O-O O-O 11. Qc2 Nd6 12. Bd3 Nf5 13. e4 Nh6 14. Bd2 Qf6
15. e5 Qe7 16. Bg5 f6 17. exf6 Rxf6 18. Rad1 Qf7 19. Bxf6 Qxf6 20. Bxh7+ Kh8
21. Ne5 Rd8 22. f4 Nf5 23. Bxf5 exf5 24. Rf3 Be8 25. Rh3+ Kg8 26. Qb3+ Bf7 27.
Nxf7 Qxf7 28. Rh8+ 1-0

[Event "DM Hurtigskak Kvinder 2012"]
[Site "Middelfart"]
[Date "2012.09.29"]
[Round "2"]
[White "Vovk, Oksana"]
[Black "Dalsberg, Sandra de Blecourt"]
[Result "1-0"]
[WhiteElo "2136"]
[BlackElo "2039"]
[PlyCount "39"]
[EventDate "2012.??.??"]

1. d4 d5 2. c4 e6 3. Nc3 Nf6 4. Nf3 c6 5. e3 Bd6 6. Bd3 Nbd7 7. O-O O-O 8. e4
dxe4 9. Nxe4 Nxe4 10. Bxe4 f5 11. Bc2 e5 12. c5 Be7 13. dxe5 Nxc5 14. Be3 Be6
15. Nd4 Qc7 16. Nxe6 Nxe6 17. Bb3 Qxe5 18. Qd7 Rf6 19. Qxe7 f4 20. Bxf4 1-0

[Event "DM Hurtigskak Kvinder 2012"]
[Site "Middelfart"]
[Date "2012.09.29"]
[Round "2"]
[White "Greeuw, Sietske"]
[Black "Guindy, Esmat"]
[Result "1-0"]
[WhiteElo "1940"]
[BlackElo "2083"]
[PlyCount "43"]
[EventDate "2012.??.??"]

1. e4 e6 2. d4 d5 3. Nd2 Nf6 4. e5 Nfd7 5. Bd3 c5 6. c3 Nc6 7. Ne2 cxd4 8. cxd4
f6 9. exf6 Nxf6 10. O-O Bd6 11. Nf3 O-O 12. Bf4 Bxf4 13. Nxf4 Ne4 14. g3 Qf6
15. Bxe4 dxe4 16. Nd2 Qxd4 17. Re1 e5 18. Rxe4 Qxb2 19. Nc4 Qb5 20. Nd6 Qb2 21.
Qd5+ Kh8 22. Ng6+ 1-0

[Event "DM Hurtigskak Kvinder 2012"]
[Site "Middelfart"]
[Date "2012.09.29"]
[Round "2"]
[White "Fredericia, Louise Winther"]
[Black "Nicolajsen, Thea"]
[Result "1/2-1/2"]
[WhiteElo "2075"]
[BlackElo "1718"]
[PlyCount "106"]
[EventDate "2012.??.??"]

1. c4 e5 2. g3 Nc6 3. Bg2 d6 4. Nc3 f5 5. d3 Be6 6. b4 Qc8 7. e3 Nf6 8. Nge2
Be7 9. Nd5 e4 10. Nef4 Bf7 11. Bb2 exd3 12. O-O Ne5 13. Rc1 Rb8 14. c5 Qd7 15.
Bxe5 dxe5 16. c6 Qd6 17. Nxe7 Qxe7 18. Nxd3 b6 19. Qa4 O-O 20. Qb5 Rfe8 21.
Rfd1 Bxa2 22. Ra1 Bb3 23. Rd2 a5 24. bxa5 bxa5 25. Qxa5 Ra8 26. Qxa8 Rxa8 27.
Rxa8+ Kf7 28. Nc1 Be6 29. Rad8 Ne4 30. Bxe4 fxe4 31. Ne2 g5 32. Nc3 Qb4 33. Ne2
Bh3 34. Rd1 Qb2 35. R8d2 Qb6 36. Nc3 Qb4 37. Nd5 Qa5 38. Nxc7 Qxc7 39. Rd7+
Bxd7 40. Rxd7+ Qxd7 41. cxd7 Ke7 42. Kg2 Kxd7 43. f3 exf3+ 44. Kxf3 Ke6 45. g4
Kd5 46. h3 e4+ 47. Ke2 Ke5 48. Kf2 Kf6 49. Ke2 Ke5 50. Kd2 Kd5 51. Kc3 Kc5 52.
Kb3 Kb5 53. Kc3 Kc5 1/2-1/2

[Event "DM Hurtigskak Kvinder 2012"]
[Site "Middelfart"]
[Date "2012.09.29"]
[Round "2"]
[White "Lund, Henriette"]
[Black "Vangsgaard, Freja"]
[Result "0-1"]
[WhiteElo "1000"]
[BlackElo "1572"]
[PlyCount "62"]
[EventDate "2012.??.??"]

1. d4 Nf6 2. c4 e6 3. Nc3 Bb4 4. Bd2 b6 5. a3 Bxc3 6. Bxc3 O-O 7. Nf3 Bb7 8. g3
d6 9. Bg2 Nbd7 10. O-O Rb8 11. Qc2 Ne4 12. Rfd1 Nxc3 13. Qxc3 f5 14. d5 e5 15.
Ne1 f4 16. Nc2 g5 17. Rd3 Nc5 18. Rdd1 Rf6 19. b4 Nd7 20. Rf1 Qe8 21. Rae1 Qh5
22. e3 f3 23. e4 fxg2 24. Kxg2 Rh6 25. Rh1 Rf8 26. Qe3 Nf6 27. f3 Bc8 28. g4
Nxg4 29. fxg4 Bxg4 30. Ref1 Bh3+ 31. Qxh3 Qxh3+ 0-1

[Event "DM Hurtigskak Kvinder 2012"]
[Site "Middelfart"]
[Date "2012.09.29"]
[Round "2"]
[White "Lund, Kirsten"]
[Black "Morling, Aase"]
[Result "1-0"]
[WhiteElo "1043"]
[BlackElo "1305"]
[PlyCount "91"]
[EventDate "2012.??.??"]

1. d4 Nf6 2. c4 e6 3. Nc3 Bb4 4. Bd2 Bxc3 5. Bxc3 Ne4 6. Qc2 Nxc3 7. Qxc3 O-O
8. e3 b6 9. Bd3 Bb7 10. e4 d6 11. Ne2 Nd7 12. O-O e5 13. d5 Nc5 14. Bc2 c6 15.
b4 Nd7 16. Qd3 Nf6 17. Ng3 c5 18. b5 a6 19. a4 axb5 20. cxb5 Qc7 21. Rac1 Qd7
22. Nf5 Nh5 23. Qf3 g6 24. Qg4 Kh8 25. Qg5 Ng7 26. Nh6 Qd8 27. Qg3 Qf6 28. Ng4
Qd8 29. f4 Nh5 30. Qf3 Nxf4 31. g3 Nh3+ 32. Kg2 Ng5 33. Qe3 Bc8 34. Nf6 h6 35.
g4 Nh7 36. Qxh6 Qxf6 37. Rxf6 Bxg4 38. Rcf1 Ra7 39. Rxd6 Be2 40. Rf2 Bh5 41.
Rxb6 Kg8 42. Rc6 Nf6 43. Rcxf6 Re7 44. Qg5 Kg7 45. Rxg6+ Bxg6 46. Qxe7 1-0

[Event "DM Hurtigskak Kvinder 2012"]
[Site "Middelfart"]
[Date "2012.09.29"]
[Round "3"]
[White "Greeuw, Sietske"]
[Black "Vovk, Oksana"]
[Result "0-1"]
[WhiteElo "1940"]
[BlackElo "2136"]
[PlyCount "146"]
[EventDate "2012.??.??"]

1. e4 e6 2. d4 d5 3. Nd2 Nc6 4. c3 e5 5. exd5 Qxd5 6. dxe5 Nxe5 7. Ngf3 Nd3+ 8.
Bxd3 Qxd3 9. Ne5 Qd5 10. O-O Be6 11. Ndf3 Qxd1 12. Rxd1 f6 13. Nd3 O-O-O 14.
Be3 a6 15. Nd4 Bf7 16. b4 Ne7 17. a4 Nd5 18. Bd2 Nxb4 19. cxb4 Rxd4 20. Be3 Rd8
21. b5 Bc4 22. Nf4 Rxd1+ 23. Rxd1 Bd6 24. bxa6 Bxa6 25. Ne6 g6 26. g3 Re8 27.
Nd4 f5 28. Nb5 Bxb5 29. axb5 Kd7 30. Bf4 Re6 31. Kg2 Ke7 32. Bg5+ Kd7 33. Bf4
Ke7 34. Bg5+ Kf7 35. Rd4 Re2 36. Be3 Bc5 37. Kf3 Bxd4 38. Kxe2 Bxe3 39. Kxe3 c6
40. b6 Ke6 41. Kd4 Kd6 42. Kc4 Ke5 43. Kc5 h6 44. f3 g5 45. h3 h5 46. g4 hxg4
47. hxg4 fxg4 48. fxg4 Ke6 49. Kd4 Kd6 50. Kc4 Ke5 51. Kc5 Kf4 52. Kd6 Kxg4 53.
Kc7 c5 54. Kxb7 c4 55. Ka7 c3 56. b7 c2 57. b8=Q c1=Q 58. Qb4+ Kf3 59. Qf8+ Qf4
60. Qa8+ Kg3 61. Qh1 Qf2+ 62. Kb8 Qb2+ 63. Kc8 Qc3+ 64. Kd8 Qd4+ 65. Ke8 Qe5+
66. Kd8 g4 67. Qg1+ Kh4 68. Qh1+ Kg5 69. Qc1+ Qf4 70. Qc5+ Qf5 71. Qc1+ Kg6 72.
Qc6+ Qf6+ 73. Qxf6+ Kxf6 0-1

[Event "DM Hurtigskak Kvinder 2012"]
[Site "Middelfart"]
[Date "2012.09.29"]
[Round "3"]
[White "Guindy, Esmat"]
[Black "Fredericia, Louise Winther"]
[Result "1/2-1/2"]
[WhiteElo "2083"]
[BlackElo "2075"]
[PlyCount "112"]
[EventDate "2012.??.??"]

1. d4 Nf6 2. c4 g6 3. Nf3 c5 4. d5 b5 5. cxb5 a6 6. bxa6 Bxa6 7. Nc3 Bg7 8. g3
O-O 9. Bg2 d6 10. O-O Nbd7 11. Qc2 Nb6 12. Nd2 Qc7 13. b3 c4 14. b4 Rae8 15.
Bb2 e6 16. dxe6 fxe6 17. a4 d5 18. a5 Nbd7 19. b5 Bb7 20. b6 Qb8 21. Nb5 Bc6
22. Nc7 Nc5 23. Nxe8 Rxe8 24. Rfb1 Qb7 25. Bd4 Na6 26. Qc3 e5 27. Bxe5 Ne4 28.
Nxe4 Bxe5 29. Nf6+ Kh8 30. Qa3 Bxf6 31. Ra2 Qe7 32. Bh3 Qxa3 33. Rxa3 Bb7 34.
e3 Be7 35. Ra2 Bb4 36. Bd7 Re7 37. Bb5 Bc5 38. Rab2 Nb8 39. Rd2 Kg7 40. Ra1 Na6
41. Bxa6 Bxa6 42. Rxd5 Bb4 43. Rb1 Bxa5 44. Rxa5 Bb7 45. Ra7 c3 46. Rc1 Rd7 47.
e4 c2 48. Raa1 Rd2 49. f3 Kf6 50. h4 Ke5 51. Kf1 Kd4 52. Ke1 Rh2 53. Ra7 Ke3
54. Ra3+ Kd4 55. Kf1 Rh1+ 56. Ke2 Rxc1 1/2-1/2

[Event "DM Hurtigskak Kvinder 2012"]
[Site "Middelfart"]
[Date "2012.09.29"]
[Round "3"]
[White "Nicolajsen, Thea"]
[Black "Kuntz, Lene"]
[Result "0-1"]
[WhiteElo "1718"]
[BlackElo "1522"]
[PlyCount "90"]
[EventDate "2012.??.??"]

1. d4 d5 2. c4 c6 3. Nc3 Nf6 4. Nf3 e6 5. cxd5 exd5 6. Qc2 Be7 7. Bg5 Nbd7 8.
e3 O-O 9. Bd3 h6 10. Bf4 c5 11. O-O Nh5 12. Nxd5 Nxf4 13. Nxf4 cxd4 14. Nxd4
Ne5 15. Be4 Bd6 16. Nd3 Ng4 17. g3 Qg5 18. Nf3 Qh5 19. Nf4 Bxf4 20. exf4 Nf6
21. Rfe1 Bg4 22. Nh4 Rac8 23. Qb3 Nxe4 24. Rxe4 Rfe8 25. Rxe8+ Rxe8 26. Rc1 Bh3
27. a3 Qe2 28. Ng2 Qe4 29. Ne3 Qf3 30. Qc2 Rxe3 31. fxe3 Qxe3+ 32. Kh1 Bg4 33.
Rf1 Bf3+ 34. Rxf3 Qxf3+ 35. Kg1 Qe3+ 36. Kg2 g6 37. Qc8+ Kg7 38. Qxb7 Qd2+ 39.
Kh3 h5 40. Qb4 Qd7+ 41. Kg2 Qg4 42. h3 Qe2+ 43. Kg1 Qd1+ 44. Kg2 Qc2+ 45. Kf3
Qc6+ 0-1

[Event "DM Hurtigskak Kvinder 2012"]
[Site "Middelfart"]
[Date "2012.09.29"]
[Round "3"]
[White "Dalsberg, Sandra de Blecourt"]
[Black "Lund, Henriette"]
[Result "1-0"]
[WhiteElo "2039"]
[BlackElo "1000"]
[PlyCount "73"]
[EventDate "2012.??.??"]

1. d4 d5 2. c4 c6 3. cxd5 cxd5 4. Nc3 Nf6 5. Bf4 g6 6. e3 Bg7 7. Bd3 O-O 8. h3
Qa5 9. Nge2 Nbd7 10. O-O Qd8 11. Rc1 Nh5 12. Nxd5 Nxf4 13. Nexf4 e6 14. Nc3 Rb8
15. Qe2 b6 16. Rfd1 Bb7 17. Be4 Nf6 18. Bxb7 Rxb7 19. Nd3 Rc7 20. Nb5 Rc8 21.
Nxa7 Rxc1 22. Nxc1 Ne4 23. Nb5 Qf6 24. Nc3 Qe7 25. Nxe4 f5 26. Nc3 Qf6 27. Nd3
Rd8 28. Ne5 Qe7 29. Nc6 Qd7 30. Nxd8 Qxd8 31. Qb5 Bf8 32. Qc6 Bd6 33. Nb5 Bb8
34. Qxe6+ Kh8 35. d5 Qg5 36. Qe8+ Kg7 37. Qxb8 1-0

[Event "DM Hurtigskak Kvinder 2012"]
[Site "Middelfart"]
[Date "2012.09.29"]
[Round "3"]
[White "Vangsgaard, Freja"]
[Black "Lund, Kirsten"]
[Result "1-0"]
[WhiteElo "1572"]
[BlackElo "1043"]
[PlyCount "95"]
[EventDate "2012.??.??"]

1. Nf3 g6 2. g3 Bg7 3. Bg2 c6 4. O-O d5 5. d3 Nf6 6. Nbd2 O-O 7. Rb1 Bg4 8. b3
Nbd7 9. Bb2 Re8 10. Re1 e5 11. e4 d4 12. h3 Bxf3 13. Nxf3 Nh5 14. Nh2 Ndf6 15.
Bc1 Nd7 16. Bf3 Nhf6 17. Bg4 Nxg4 18. hxg4 Qc8 19. f4 exf4 20. gxf4 Nb6 21. f5
Be5 22. Nf3 Qc7 23. Qd2 f6 24. Qh6 g5 25. Kg2 Qg7 26. Qh5 Nd7 27. Rh1 Re7 28.
Ba3 c5 29. Bc1 b6 30. Bd2 Qf7 31. Qh6 Qg7 32. Qh3 Kf7 33. Qxh7 Rg8 34. Qxg7+
Rxg7 35. Rh5 Nf8 36. Rbh1 Ke8 37. Rh8 Rh7 38. R1xh7 Rxh7 39. Rxh7 Nxh7 40. Nxe5
fxe5 41. Kf3 Kf7 42. a3 Kf6 43. c3 Nf8 44. cxd4 cxd4 45. Bb4 Nd7 46. Bd6 b5 47.
Ke2 a6 48. Kd2 1-0

[Event "DM Hurtigskak Kvinder 2012"]
[Site "Middelfart"]
[Date "2012.09.29"]
[Round "3"]
[White "Nilssen, Ellen Fredericia"]
[Black "Morling, Aase"]
[Result "1/2-1/2"]
[WhiteElo "1196"]
[BlackElo "1305"]
[PlyCount "71"]
[EventDate "2012.??.??"]

1. d4 Nf6 2. c4 e6 3. Nc3 Bb4 4. Qc2 O-O 5. a3 Bxc3+ 6. Qxc3 b6 7. Bg5 h6 8.
Bh4 Bb7 9. Nf3 d6 10. e3 Nbd7 11. Be2 c5 12. O-O Ne4 13. Bxd8 Nxc3 14. bxc3
Raxd8 15. Rfd1 Nf6 16. Rac1 d5 17. cxd5 Bxd5 18. dxc5 bxc5 19. Ne5 Nd7 20. Nxd7
Rxd7 21. c4 Bc6 22. Rxd7 Bxd7 23. Rd1 Rd8 24. Kf1 Kf8 25. Ke1 Ke7 26. Bf3 Rb8
27. Rd3 Rb1+ 28. Ke2 Rc1 29. Rb3 Rxc4 30. Rb7 Kd6 31. Rxa7 Rc2+ 32. Ke1 f5 33.
Ra6+ Ke7 34. Ra7 Kd6 35. Ra6+ Ke7 36. Ra7 1/2-1/2

[Event "DM Hurtigskak Kvinder 2012"]
[Site "Middelfart"]
[Date "2012.09.29"]
[Round "4"]
[White "Vovk, Oksana"]
[Black "Fredericia, Louise Winther"]
[Result "0-1"]
[WhiteElo "2136"]
[BlackElo "2075"]
[PlyCount "75"]
[EventDate "2012.??.??"]

1. d4 g6 2. c4 Bg7 3. g3 c5 4. d5 d6 5. Bg2 Na6 6. e4 Rb8 7. Nc3 Bd7 8. Nge2
Nc7 9. a4 a6 10. a5 b5 11. axb6 Rxb6 12. O-O Qc8 13. Re1 h5 14. h4 Nh6 15. Nf4
O-O 16. Nd3 Ng4 17. Bf4 Bd4 18. Qc2 Qb7 19. Ra2 Rb8 20. e5 Rb3 21. exd6 exd6
22. Bxd6 Re8 23. Rxe8+ Nxe8 24. Nxc5 Qa7 25. Nxb3 Bxf2+ 26. Kh1 Nxd6 27. Ne4
Nxe4 28. Qxe4 Bxg3 29. Qd4 Qb8 30. Rxa6 Bf2 31. Ra8 Qxa8 32. Qf4 Qe8 33. Be4
Bf5 34. Bxf5 Qe1+ 35. Kg2 Qg1+ 36. Kf3 Qh1+ 37. Ke2 gxf5 38. Qg5+ 0-1

[Event "DM Hurtigskak Kvinder 2012"]
[Site "Middelfart"]
[Date "2012.09.29"]
[Round "4"]
[White "Vangsgaard, Freja"]
[Black "Dalsberg, Sandra de Blecourt"]
[Result "0-1"]
[WhiteElo "1572"]
[BlackElo "2039"]
[PlyCount "82"]
[EventDate "2012.??.??"]

1. Nf3 d5 2. g3 Nf6 3. Bg2 c6 4. O-O Bf5 5. d3 h6 6. Nbd2 Nbd7 7. Re1 e5 8. e4
dxe4 9. Nxe4 Nxe4 10. dxe4 Be6 11. b3 Be7 12. Bb2 Qc7 13. c4 O-O 14. Qc2 a5 15.
Bc3 Rfd8 16. Red1 f6 17. Rd2 Nc5 18. Rad1 Rxd2 19. Rxd2 Rd8 20. Ne1 Bf7 21. Nd3
Ne6 22. Nb2 Bg6 23. h4 Nc5 24. Kf1 b6 25. Ke1 Rxd2 26. Kxd2 Qd7+ 27. Ke2 Ne6
28. Qd3 Nd4+ 29. Ke3 Bc5 30. Kd2 f5 31. Na4 fxe4 32. Nxc5 bxc5 33. Bxe4 Bxe4
34. Qxe4 Nxb3+ 35. Ke3 Nd4 36. Qxe5 Nf5+ 37. Ke2 Qf7 38. Qxc5 Qh5+ 39. Kf1
Nxg3+ 40. Kg2 Qxc5 41. Kxg3 Qa3 0-1

[Event "DM Hurtigskak Kvinder 2012"]
[Site "Middelfart"]
[Date "2012.09.29"]
[Round "4"]
[White "Kuntz, Lene"]
[Black "Greeuw, Sietske"]
[Result "0-1"]
[WhiteElo "1522"]
[BlackElo "1940"]
[PlyCount "48"]
[EventDate "2012.??.??"]

1. e4 c5 2. Nf3 Nc6 3. c3 e5 4. d4 cxd4 5. cxd4 exd4 6. Nxd4 Bc5 7. Be3 Bb4+ 8.
Nc3 Nf6 9. Bd3 O-O 10. O-O Bxc3 11. bxc3 d5 12. Bg5 Nxd4 13. e5 Ne6 14. Bxf6
gxf6 15. Qh5 Ng5 16. f4 Ne4 17. Rae1 f5 18. Rf3 Qb6+ 19. Ree3 Kh8 20. Rh3 Qg6
21. Qh4 Rg8 22. Bxe4 fxe4 23. Reg3 Qb6+ 24. Kf1 Bxh3 0-1

[Event "DM Hurtigskak Kvinder 2012"]
[Site "Middelfart"]
[Date "2012.09.29"]
[Round "4"]
[White "Nilssen, Ellen Fredericia"]
[Black "Nicolajsen, Thea"]
[Result "0-1"]
[WhiteElo "1196"]
[BlackElo "1718"]
[PlyCount "90"]
[EventDate "2012.??.??"]

1. d4 Nf6 2. c4 c5 3. dxc5 Nc6 4. Nc3 e6 5. Nf3 Bxc5 6. Bg5 Qb6 7. e3 Qxb2 8.
Na4 Bb4+ 9. Nd2 Bxd2+ 10. Qxd2 Qxa1+ 11. Qd1 Qxd1+ 12. Kxd1 Ne4 13. Bh4 g5 14.
Bg3 h5 15. Bd3 Nxg3 16. hxg3 f5 17. Be2 g4 18. f3 Ne5 19. fxg4 Nxg4 20. Kd2 b6
21. e4 Bb7 22. exf5 exf5 23. Re1 O-O 24. Rg1 Bc6 25. Nb2 Rae8 26. Nd3 Re7 27.
Nf4 Rh7 28. Ng6 Rf6 29. Nf4 Be4 30. Re1 Rd6+ 31. Kc3 h4 32. Bxg4 fxg4 33. Rxe4
h3 34. Re8+ Kf7 35. Re1 h2 36. Rh1 Rc6 37. Nd3 d6 38. Nf4 b5 39. Kb4 bxc4 40.
Ne2 d5 41. Nc3 d4 42. Nd5 c3 43. Nf4 c2 44. Nd3 Kg8 45. Ne5 c1=Q 0-1

[Event "DM Hurtigskak Kvinder 2012"]
[Site "Middelfart"]
[Date "2012.09.29"]
[Round "4"]
[White "Pedersen, Lene"]
[Black "Guindy, Esmat"]
[Result "0-1"]
[WhiteElo "1100"]
[BlackElo "2083"]
[PlyCount "48"]
[EventDate "2012.??.??"]

1. e4 e6 2. Nf3 d5 3. Bd3 Nf6 4. O-O dxe4 5. Bb5+ c6 6. Ba4 exf3 7. gxf3 Bd6 8.
Nc3 O-O 9. d3 Qc7 10. a3 Nh5 11. f4 Nxf4 12. Ne4 Nh3+ 13. Kg2 e5 14. c3 Na6 15.
b4 Be6 16. b5 Nc5 17. Nxc5 Bxc5 18. d4 Rad8 19. Qe1 exd4 20. cxd4 Bxd4 21. Rb1
Qd7 22. b6 Bd5+ 23. f3 Nf2 24. Rb4 Qg4# 0-1

[Event "DM Hurtigskak Kvinder 2012"]
[Site "Middelfart"]
[Date "2012.09.29"]
[Round "4"]
[White "Lund, Kirsten"]
[Black "Lund, Henriette"]
[Result "1-0"]
[WhiteElo "1043"]
[BlackElo "1000"]
[PlyCount "55"]
[EventDate "2012.??.??"]

1. d4 d5 2. c4 c6 3. Nc3 Nf6 4. Nf3 g6 5. Bf4 Bg7 6. e3 Qa5 7. Qc2 O-O 8. Be2
Ne4 9. O-O Nd7 10. Bd3 f5 11. Qb3 e6 12. Rad1 Qd8 13. cxd5 exd5 14. Bxe4 fxe4
15. Nxe4 Kh8 16. Neg5 Nf6 17. Ne5 Bg4 18. Nef7+ Rxf7 19. Nxf7+ Kg8 20. Nxd8
Rxd8 21. f3 Bd7 22. Qxb7 Bc8 23. Qxc6 Bd7 24. Qc5 Bf8 25. Qa5 Ra8 26. Rc1 Ne8
27. Qxd5+ Kh8 28. Qxa8 1-0

[Event "DM Hurtigskak Kvinder 2012"]
[Site "Middelfart"]
[Date "2012.09.29"]
[Round "5"]
[White "Fredericia, Louise Winther"]
[Black "Dalsberg, Sandra de Blecourt"]
[Result "0-1"]
[WhiteElo "2075"]
[BlackElo "2039"]
[PlyCount "44"]
[EventDate "2012.??.??"]

1. c4 Nf6 2. g3 c6 3. Bg2 d5 4. Nf3 dxc4 5. Qc2 Be6 6. O-O Na6 7. Na3 Nb4 8.
Qd1 Bd5 9. b3 cxb3 10. axb3 e6 11. Bb2 Be7 12. d3 c5 13. Nc4 O-O 14. Qd2 a6 15.
Qc3 Bc6 16. Rfd1 Nbd5 17. Qc1 Rc8 18. h4 b5 19. Rxa6 Nb4 20. Rxc6 Nxc6 21. Ne3
Nd4 22. Nd2 Nxe2+ 0-1

[Event "DM Hurtigskak Kvinder 2012"]
[Site "Middelfart"]
[Date "2012.09.29"]
[Round "5"]
[White "Guindy, Esmat"]
[Black "Vovk, Oksana"]
[Result "1-0"]
[WhiteElo "2083"]
[BlackElo "2136"]
[PlyCount "59"]
[EventDate "2012.??.??"]

1. d4 Nf6 2. c4 e6 3. Nc3 Bb4 4. e3 O-O 5. Bd3 c5 6. a3 Bxc3+ 7. bxc3 Nc6 8.
Ne2 d6 9. O-O e5 10. Qc2 Re8 11. f3 Rb8 12. Bb2 a6 13. Ng3 exd4 14. exd4 Qb6
15. Qf2 Bd7 16. Ne4 Nxe4 17. fxe4 Re7 18. Rae1 cxd4 19. cxd4 Qb3 20. Re3 b5 21.
cxb5 axb5 22. Rf3 f6 23. e5 Qd5 24. exf6 Rf7 25. Qh4 g6 26. Bc2 Na5 27. Be4 Qe6
28. Rg3 Kf8 29. Bxg6 hxg6 30. Qh8# 1-0

[Event "DM Hurtigskak Kvinder 2012"]
[Site "Middelfart"]
[Date "2012.09.29"]
[Round "5"]
[White "Nicolajsen, Thea"]
[Black "Greeuw, Sietske"]
[Result "0-1"]
[WhiteElo "1718"]
[BlackElo "1940"]
[PlyCount "132"]
[EventDate "2012.??.??"]

1. d4 Nf6 2. c4 c5 3. d5 b5 4. cxb5 a6 5. Nc3 g6 6. e4 d6 7. Nf3 Nbd7 8. Bf4
Bg7 9. bxa6 Qa5 10. Bd2 O-O 11. Qc2 Bxa6 12. Be2 Bxe2 13. Nxe2 Qa4 14. Qxa4
Rxa4 15. Nc3 Rb4 16. Ng5 Rxb2 17. Na4 Rc2 18. Nc3 h6 19. Kd1 Rxd2+ 20. Kxd2
hxg5 21. f3 Nh5 22. h4 gxh4 23. Rxh4 Ra8 24. g4 Nf4 25. a4 c4 26. a5 Nc5 27.
Ra2 Nb3+ 28. Kc2 Rxa5 29. Rxa5 Nxa5 30. Nb5 Nb3 31. g5 Ng2 32. Rh2 Ne1+ 33. Kb1
Nxf3 34. Rg2 Nbd2+ 35. Kc2 Nxe4 36. Re2 Nfxg5 37. Nc7 f5 38. Na6 Kf7 39. Nb4
Be5 40. Nc6 Bg7 41. Nd8+ Kf8 42. Nc6 Nf3 43. Rg2 Nd4+ 44. Nxd4 Bxd4 45. Rxg6
Kf7 46. Rh6 Nf6 47. Rh4 Ng4 48. Kd2 Kg6 49. Rh3 Kg5 50. Rh7 Kf4 51. Rxe7 c3+
52. Kc1 Ne3 53. Re6 Be5 54. Rh6 Nxd5 55. Rh4+ Kg3 56. Rc4 Kf2 57. Rc6 Ke2 58.
Rc4 Ne3 59. Rh4 Kd3 60. Rh3 d5 61. Rf3 f4 62. Kb1 Ke2 63. Rh3 d4 64. Rh5 c2+
65. Kc1 Bd6 66. Rh6 Ba3# 0-1

[Event "DM Hurtigskak Kvinder 2012"]
[Site "Middelfart"]
[Date "2012.09.29"]
[Round "5"]
[White "Kuntz, Lene"]
[Black "Vangsgaard, Freja"]
[Result "0-1"]
[WhiteElo "1522"]
[BlackElo "1572"]
[PlyCount "88"]
[EventDate "2012.??.??"]

1. e4 d5 2. exd5 Qxd5 3. Nf3 Bf5 4. Nc3 Qa5 5. Be2 Nf6 6. O-O e6 7. d4 Be7 8.
Bd2 c6 9. Ne5 Qc7 10. Bf3 Nbd7 11. Bf4 Bd6 12. Re1 O-O 13. Qd2 Rad8 14. Nxd7
Rxd7 15. Bxd6 Qxd6 16. Rad1 Rfd8 17. Qe2 Qb4 18. Ne4 Nxe4 19. Bxe4 Bxe4 20.
Qxe4 Rxd4 21. Rxd4 Qxd4 22. Qxd4 Rxd4 23. Rc1 f6 24. Kf1 Kf7 25. f3 Rd2 26. h3
Ke7 27. b3 e5 28. a4 g6 29. c4 c5 30. Rc3 Kd6 31. Re3 Kc6 32. Re2 Rxe2 33. Kxe2
Kd6 34. g4 f5 35. Kd3 Ke6 36. Ke3 Kf6 37. f4 e4 38. Ke2 h6 39. Kf2 h5 40. g5+
Ke6 41. Ke2 Kd6 42. Kd2 Kc6 43. Kc3 Kb6 44. h4 Ka5 0-1

[Event "DM Hurtigskak Kvinder 2012"]
[Site "Middelfart"]
[Date "2012.09.29"]
[Round "5"]
[White "Morling, Aase"]
[Black "Pedersen, Lene"]
[Result "1-0"]
[WhiteElo "1305"]
[BlackElo "1100"]
[PlyCount "43"]
[EventDate "2012.??.??"]

1. e4 e5 2. Nf3 d6 3. d4 Nc6 4. dxe5 dxe5 5. Qxd8+ Kxd8 6. Bd3 Bg4 7. Bg5+ f6
8. Be3 Nb4 9. a3 Nxd3+ 10. cxd3 b5 11. O-O a5 12. Nc3 b4 13. axb4 axb4 14.
Rxa8+ Kd7 15. Rxf8 bxc3 16. bxc3 Ke7 17. Ra8 Kf7 18. Rfa1 h5 19. R1a7 Rh7 20.
Rxc7+ Kg6 21. Rxg8 Be6 22. Nh4# 1-0

[Event "DM Hurtigskak Kvinder 2012"]
[Site "Middelfart"]
[Date "2012.09.29"]
[Round "5"]
[White "Lund, Henriette"]
[Black "Nilssen, Ellen Fredericia"]
[Result "0-1"]
[WhiteElo "1000"]
[BlackElo "1196"]
[PlyCount "60"]
[EventDate "2012.??.??"]

1. d4 d5 2. c4 e6 3. Nc3 Nf6 4. Bg5 Be7 5. Nf3 h6 6. Bd2 dxc4 7. e3 Nbd7 8.
Bxc4 O-O 9. O-O b6 10. Be2 Bb7 11. Re1 c5 12. Bd3 Qc7 13. Bc2 cxd4 14. exd4
Rfe8 15. Nb5 Qc6 16. a4 a6 17. Nc3 Bd6 18. Rc1 Qc7 19. Ne4 Nxe4 20. Bxe4 Qb8
21. Bxb7 Qxb7 22. Bc3 Qb8 23. Qd3 e5 24. Qf5 exd4 25. Bxd4 Rxe1+ 26. Rxe1 Nc5
27. g3 Nxa4 28. Ne5 Bxe5 29. Bxe5 Qc8 30. Qg4 Qxg4 0-1